|
|
|
|
| LEADER |
00000nab a22000001a 4500 |
| 001 |
vtls010309434 |
| 003 |
SK-MaSNL |
| 005 |
20260305021459.0 |
| 008 |
110907d19271109xo |r|p|||| |000 b|slo |
| 015 |
|
|
|a SNBRRBVU1918-1938
|
| 038 |
|
|
|a SNKBUCL
|
| 040 |
|
|
|a SNKBUVU
|b slo
|c SNKBUCL
|e AACR2
|
| 041 |
0 |
|
|a slo
|
| 044 |
|
|
|a xo
|c SK
|
| 080 |
|
|
|a 730.071.1
|2 1997
|
| 080 |
|
|
|a 725.94:06.063
|2 1997
|
| 100 |
1 |
|
|a Sivák, Jozef,
|d 1886-1959
|4 aut
|9 100355
|
| 245 |
1 |
0 |
|a Okolo súbehu na pomník generála M. R. Štefánika
|c Jozef Sivák
|
| 520 |
|
|
|a Polemika s článkom Dušana Jurkoviča v Slovenskom denníku zo 6.11.1927, v ktorom sa kritizuje, že súbeh na pomník pre Brezno bol vypísaný len pre členov SSU a nie aj pre členov UBS
|
| 600 |
1 |
7 |
|a Štefánik, Milan Rastislav,
|d 1880-1919
|2 MM
|9 86219
|
| 648 |
|
7 |
|a 1927
|2 snkbucl
|9 294567
|
| 650 |
0 |
7 |
|a slovenské sochárstvo
|2 MM
|9 3052
|
| 650 |
0 |
7 |
|a pomníky
|2 MM
|9 3013
|
| 650 |
0 |
7 |
|a sochy
|2 snkbucl
|9 29846
|
| 650 |
0 |
7 |
|a verejné súťaže
|2 snkbucl
|9 4222
|
| 651 |
|
7 |
|a Brezno (Slovensko)
|2 MM
|9 31403
|
| 773 |
0 |
|
|t Slovák
|g Roč. 9, č. 250 (9.11.1927), s. 3
|
| 773 |
0 |
|
|t Slovák
|g Roč. 9, č. 253 (12.11.1927), s. 3
|
| 773 |
0 |
|
|t Slovák
|g Roč. 9, č. 256 (16.11.1927), s. 3
|
| 852 |
|
|
|a SNK
|b KIS3GCP
|
| 910 |
|
|
|a snkrbvumm
|
| 958 |
|
|
|a VY
|
| 999 |
|
|
|c 3286240
|d 3288170
|